| 000 | 00784nam a2200217 a 4500 | ||
|---|---|---|---|
| 001 | 000022734 | ||
| 005 | 20260305073955.0 | ||
| 008 | 101117s2000 pn r 000 |aeng d | ||
| 020 | _a9962812038 | ||
| 040 |
_aDO-SdBNP _bspa _cBNPHU |
||
| 082 |
_a923.187 _bB689B |
||
| 100 | 1 |
_aBoyd, Bill _946715 |
|
| 240 | 1 | 0 |
_aBolívar, libertor of a continent _lespañol |
| 245 | 1 | 0 |
_aBolívar : _blibertador de un continente : una biografía dramatizada / _cBill Boyd; edición, Giovanna Avendaño Vejas. |
| 260 |
_aPanama : _bCírculo de Lectura de la USMA, _c2000. |
||
| 300 |
_a326 p. ; _c23 cm. |
||
| 500 | _aBibliografía : p. 318 | ||
| 600 | 1 | 0 |
_aBolívar, Simón, _d1783-1830 _9253 |
| 650 | 4 |
_aPresidentes venezolanos _xBiografías _946716 |
|
| 700 | 1 |
_aAvendaño Vejas, Giovanna _eed. _946717 |
|
| 999 |
_c22231 _d22231 |
||